[Event "49. NSV Sen-EM 2015"]
[Site "Undeloh-Wesel"]
[Date "2015.07.22"]
[Round "4.3"]
[White "Schneider, Alexander"]
[Black "Hilburt, Leonid"]
[Result "1/2-1/2"]
[BlackElo "1950"]
[WhiteElo "1981"]
[WhiteTeam "Wilhelmshavener SC"]
[BlackTeam " Hannover 96"]

1. d4 d5 2. Nf3 Nf6 3. Bf4 e6 4. e3 c5 5. Be2 Nc6 6. h3 Be7 7. O-O O-O 8. Ne5 Qb6 9. Nxc6 Qxc6 10. c3 Bd6 11. Bxd6 Qxd6 12. dxc5 Qxc5 13. Qd4 Qc7 14. Nd2 e5 15. Qh4 Bf5 16. Rfc1 Rad8 17. Qg3 Ne4 18. Nxe4 Bxe4 19. c4 Qe7 20. cxd5 Rxd5 21. Bf3 Bxf3 22. Qxf3 Rfd8 23. Rc2 1/2-1/2

[Event "49. NSV Sen-EM 2015"]
[Site "Undeloh-Wesel"]
[Date "2015.07.22"]
[Round "4.4"]
[White "Grimm, Uwe"]
[Black "Dr. Dornieden, Manfred"]
[Result "0-1"]
[BlackElo "2073"]
[WhiteElo "2062"]
[WhiteTeam "Breloher SC"]
[BlackTeam "SK Union Oldenburg"]

1. f4 g6 2. Nf3 Bg7 3. e3 d6 4. Bc4 e6 5. Bb3 Nf6 6. d3 O-O 7. e4 c5 8. O-O Nc6 9. c3 b6 10. Kh1 Bb7 11. Qe1 Qc7 12. Qh4 Na5 13. Bc2 Rfe8 14. Nbd2 Qe7 15. g4 Nd7 16. Qh3 f6 17. Rb1 Rac8 18. Nb3 Nxb3 19. axb3 d5 0-1

[Event "49. NSV Sen-EM 2015"]
[Site "Undeloh-Wesel"]
[Date "2015.07.22"]
[Round "4.5"]
[White "Piehl, Reinhard"]
[Black "Brummer, Bernfried"]
[Result "1-0"]
[BlackElo "1704"]
[WhiteElo "1819"]
[WhiteTeam "SC Sottrum"]
[BlackTeam "Fehntjer SK"]

1. c4 f5 2. g3 Nf6 3. Bg2 e6 4. Nf3 c6 5. O-O d5 6. b3 Nbd7 7. d4 Bd6 8. Bb2 O-O 9. Nbd2 Qe8 10. Ne5 Ne4 11. f3 Nxd2 12. Qxd2 Qh5 13. e4 fxe4 14. fxe4 Rxf1+ 15. Rxf1 Nxe5 16. dxe5 Bxe5 17. Qb4 Bd7 18. Bxe5 Qxe5 19. Qe7 1-0

[Event "49. NSV Sen-EM 2015"]
[Site "Undeloh-Wesel"]
[Date "2015.07.22"]
[Round "4.6"]
[White "Gerhardt, Peter-Michael"]
[Black "Zotin, Vladimir"]
[Result "1/2-1/2"]
[BlackElo "1701"]
[WhiteElo "1827"]
[WhiteTeam "SC Vahr"]
[BlackTeam "Wilhelmshavener SC"]

1. d4 d5 2. c4 Bf5 3. Nc3 e6 4. Nf3 Nf6 5. Bg5 c6 6. cxd5 exd5 7. e3 Nbd7 8. Be2 Bd6 9. O-O h6 10. Bxf6 Qxf6 11. Rc1 O-O 12. a3 Bc7 13. Nxd5 Bxh2+ 14. Nxh2 cxd5 15. Bf3 Qd6 16. Qb3 Nb6 17. Rc5 Be6 18. Be2 Nc4 19. Bxc4 dxc4 20. Qb4 Qd7 21. d5 b6 22. Rb5 a6 23. Rxb6 Qxd5 24. Nf3 a5 25. Qb5 Qxb5 26. Rxb5 c3 27. Rc1 cxb2 28. Rxb2 1/2-1/2

[Event "49. NSV Sen-EM 2015"]
[Site "Undeloh-Wesel"]
[Date "2015.07.22"]
[Round "4.7"]
[White "Cordes, Lothar"]
[Black "Buck, Klaus-Michael"]
[Result "1-0"]
[BlackElo "1603"]
[WhiteElo "1773"]
[WhiteTeam "SF Lilienthal"]
[BlackTeam "Stader SV"]

1. d4 e6 2. Nf3 d5 3. c4 Nf6 4. Nc3 Bb4 5. Bg5 c6 6. e3 h6 7. Bxf6 Qxf6 8. Qc2 Nd7 9. Rd1 O-O 10. Be2 dxc4 11. Bxc4 Nb6 12. Bd3 Nd5 13. O-O Qe7 14. Ne5 Bd6 15. Nxd5 exd5 16. f4 c5 17. Rfe1 c4 18. Bh7+ Kh8 19. Bf5 Be6 20. e4 Bxf5 21. exf5 Qh4 22. g3 Qd8 23. Qg2 Bb4 24. Re2 Rc8 25. Qh3 c3 26. bxc3 Rxc3 27. f6 Qc8 28. fxg7+ Kxg7 29. f5 Be7 30. Nd7 Rc1 31. Rxc1 Qxc1+ 32. Kg2 Bg5 33. Nxf8 Kxf8 34. Qg4 Qd1 35. Re1 Qc2+ 36. Re2 Qc1 37. Qf3 Be3 38. Kh3 Qg1 39. f6 Bxd4 40. Qxd5 Qf1+ 41. Rg2 Bxf6 42. Qxb7 Qf5+ 43. g4 Qc5 1-0

[Event "49. NSV Sen-EM 2015"]
[Site "Undeloh-Wesel"]
[Date "2015.07.22"]
[Round "4.8"]
[White "Kleinschmidt, Norbert"]
[Black "Schneider, Alexander"]
[Result "0-1"]
[BlackElo "1981"]
[WhiteElo "1693"]
[WhiteTeam "TSV Gnarrenburg"]
[BlackTeam "Wilhelmshavener SC"]

1. d4 Nf6 2. Bg5 e6 3. e4 Be7 4. Bxf6 Bxf6 5. Nf3 d6 6. c3 O-O 7. Be2 Nd7 8. O-O b6 9. Nbd2 Bb7 10. Qa4 a6 11. b4 c5 12. Rac1 b5 13. Qd1 Qb6 14. e5 dxe5 15. dxc5 Qc6 16. Nb3 Bd8 17. Qc2 g5 18. Rfd1 g4 19. Rd6 Qc8 20. Ne1 Be7 21. Rdd1 f5 22. Na5 Be4 23. Bd3 Nf6 24. Bxe4 Nxe4 25. f3 Nf6 26. fxg4 Nxg4 27. Qe2 Bg5 28. h3 Bxc1 29. hxg4 Bf4 30. Nd3 Rd8 31. Rf1 Qd7 32. Nxf4 exf4 33. gxf5 exf5 34. Rxf4 Qd1+ 35. Qxd1 Rxd1+ 36. Rf1 Rxf1+ 37. Kxf1 Kf7 38. c4 Ke6 39. Ke2 bxc4 40. Nxc4 Rg8 41. a4 Rxg2+ 42. Kd3 Rg3+ 43. Kd4 Rb3 44. c6 Rxb4 45. Kc5 Rxc4+ 46. Kxc4 Kd6 47. c7 Kxc7 48. Kc5 h5 49. a5 h4 50. Kd4 h3 0-1

[Event "49.NsenEM 2015"]
[Site "Wesel-Undeloh"]
[Date "2015.07.22"]
[Round "4.9"]
[White "Wraga, Teresa"]
[Black "Pundt, Wilfried"]
[Result "0-1"]
[WhiteElo "1647"]
[BlackElo "1895"]
[WhiteTeam "SG OsnabrŸck"]
[BlackTeam "SK Bremen-Nord"]

1. e4 e5 2. Nc3 d6 3. g3 Nc6 4. Bg2 Nf6 5. Nge2 Be6 6. O-O Qd7 7. d4 Bh3 8. Be3
h5 9. f4 Bxg2 10. Kxg2 Ng4 11. Qd2 h4 12. h3 Nxe3+ 13. Qxe3 hxg3 14. Qxg3 O-O-O
15. fxe5 dxe5 16. d5 Nd4 17. Nxd4 exd4 18. Ne2 Rh6 19. Nf4 Bd6 20. Qg4 Qxg4+
21. hxg4 Rdh8 22. g5 Rh2+ 23. Kf3 R8h4 24. Nd3 R2h3+ 25. Ke2 Rxe4+ 26. Kd1 Rh2
27. Nf2 Rf4 28. Ke2 Rf5 29. Rad1 Bg3 30. Rxd4 Rhxf2+ 31. Rxf2 Rxf2+ 32. Kd3 Rf4
0-1

[Event "49.NsenEM 2015"]
[Site "Wesel-Undeloh"]
[Date "2015.07.22"]
[Round "4.10"]
[White "Schencke, GŸnther"]
[Black "Niemann, Gerd"]
[Result "1/2-1/2"]
[WhiteElo "1788"]
[BlackElo "2023"]
[WhiteTeam "SV HankensbŸttel"]
[BlackTeam "SV Bad Essen"]

1. d4 d6 2. Nf3 Bg4 3. e3 c6 4. c4 Qc7 5. Be2 Nd7 6. Nc3 Ngf6 7. Qc2 e5 8. dxe5
dxe5 9. b3 Bb4 10. Bb2 O-O 11. O-O Rfe8 12. a3 Bd6 13. e4 a5 14. Rfd1 Bc5 15.
Na4 Ba7 16. h3 Bh5 17. Nh4 b5 18. cxb5 Bxe2 19. Qxe2 cxb5 20. Rac1 Qb7 21. Nc3
b4 22. axb4 Qxb4 23. Nd5 Nxd5 24. Rxd5 Nf6 25. Rb5 Qxe4 26. Qxe4 Nxe4 27. Rc2
Bd4 28. Nf3 Bxb2 29. Rxb2 f6 30. Nd2 Nc3 31. Rc5 Rec8 32. Rc4 Rab8 33. Rxc8+
Rxc8 34. Nc4 a4 35. Rc2 axb3 36. Rxc3 b2 37. Rb3 Rxc4 38. Rxb2 Rc1+ 39. Kh2 Kf7
40. Rb4 Rd1 41. f3 Rd4 42. Rb7+ Kg6 43. Kg3 h5 44. h4 e4 45. fxe4 Rxe4 46. Kh3
Re3+ 47. Kh2 Kh6 48. Rb6 Re5 49. Ra6 Rf5 50. Ra8 g5 51. Rh8+ Kg6 52. hxg5 fxg5
53. Re8 Kh7 54. Ra8 Rf6 55. Ra5 Kg6 56. Ra8 Rb6 57. g3 Rb2+ 58. Kg1 Kf5 59. Ra4
Re2 60. Rc4 Re4 61. Rc2 Kg4 62. Kg2 h4 63. gxh4 Kxh4 64. Ra2 Rb4 65. Rd2
1/2-1/2

[Event "49.NsenEM 2015"]
[Site "Wesel-Undeloh"]
[Date "2015.07.22"]
[Round "4.11"]
[White "Gudat, Alfons"]
[Black "Drechsel, Dieter"]
[Result "1-0"]
[WhiteElo "1969"]
[BlackElo "1768"]
[WhiteTeam "SK Oldenburg"]
[BlackTeam "SV Caissa WolfenbŸttel"]

1. e4 e6 2. d4 d5 3. e5 c5 4. c3 Nc6 5. Nf3 Qb6 6. Be2 cxd4 7. cxd4 Bb4+ 8. Kf1
Be7 9. g3 f6 10. Kg2 Bd7 11. Nc3 fxe5 12. dxe5 O-O-O 13. Na4 Qa5 14. Bd2 Bb4
15. Rc1 Bxd2 16. Nxd2 Kb8 17. Rc5 Qb4 18. a3 Qd4 19. f4 g5 20. Nf3 Qxd1 21.
Rxd1 gxf4 22. gxf4 Nge7 23. b4 Nxb4 24. axb4 Bxa4 25. Ra1 b6 26. Rcc1 Bc6 27.
Ng5 Rhg8 28. Kf2 Rg6 29. Bd3 Nf5 30. Rxc6 1-0

[Event "49.NsenEM 2015"]
[Site "Wesel-Undeloh"]
[Date "2015.07.22"]
[Round "4.12"]
[White "Merettig, Georg"]
[Black "Weczerek, Dieter"]
[Result "0-1"]
[WhiteElo "1866"]
[BlackElo "1808"]
[WhiteTeam "SV Caissa WolfenbŸttel"]
[BlackTeam "SC Wolfsburg"]

1. Nc3 d5 2. e4 dxe4 3. Nxe4 Bf5 4. Ng3 Bg6 5. Nf3 Nd7 6. Nh4 e6 7. d4 Qxh4 8.
Qf3 c6 9. c3 Bd6 10. Be3 Ngf6 11. O-O-O Bxg3 12. fxg3 Qe4 13. Bd3 Qxf3 14. gxf3
Bxd3 15. Rxd3 O-O 16. g4 Nd5 17. Bd2 b5 18. h4 c5 19. f4 N5f6 20. g5 c4 21. Rf3
Nd5 22. f5 e5 23. f6 g6 24. h5 gxh5 25. Rxh5 Rfe8 26. g6 hxg6 27. Rh6 N5xf6 28.
Rfh3 Kg7 29. Bg5 exd4 30. cxd4 Rh8 31. Rxh8 Rxh8 32. Ra3 Ra8 33. Ra6 Ne4 34.
Be3 Ndf6 35. a4 b4 36. Rc6 Nd5 37. Bg1 c3 38. b3 Rh8 39. a5 Rh1 40. a6 Rxg1+
41. Kc2 Rg2+ 42. Kc1 Ra2 43. Rc8 Ra5 44. Rb8 g5 45. Rd8 {unleserlich} 0-1

[Event "49.NsenEM 2015"]
[Site "Wesel-Undeloh"]
[Date "2015.07.22"]
[Round "4.13"]
[White "Gutknecht, Christa"]
[Black "Newerla, Alfred"]
[Result "1/2-1/2"]
[WhiteElo "1813"]
[BlackElo "1683"]
[WhiteTeam "Sfr Bremer Osten"]
[BlackTeam "SV Lingen"]

1. d4 Nf6 2. Nf3 d5 3. e3 e6 4. Bd3 Be7 5. Nbd2 O-O 6. O-O c5 7. c3 c4 8. Bc2
b5 9. e4 dxe4 10. Nxe4 Bb7 11. Qe2 Nbd7 12. Bf4 Nxe4 13. Bxe4 Bxe4 14. Qxe4 Qb6
15. Rfe1 Nf6 16. Qe2 Nd5 17. Bd2 Rfe8 18. Ne5 Bd6 19. Rad1 Qc7 20. Qg4 Nf6 21.
Qf3 Nd5 22. Qg4 f6 23. Nf3 Qf7 24. Re2 Qg6 25. Qxg6 hxg6 26. Rde1 Kf7 1/2-1/2

[Event "49.NsenEM 2015"]
[Site "Wesel-Undeloh"]
[Date "2015.07.22"]
[Round "4.14"]
[White "Wraga, Hermann"]
[Black "Fehsenfeld, Kurt"]
[Result "0-1"]
[WhiteElo "1683"]
[BlackElo "1545"]
[WhiteTeam "SG OsnabrŸck"]
[BlackTeam "SF Achim"]

1. e4 e5 2. Bc4 d6 3. d3 Be7 4. h3 Nc6 5. a3 Nf6 6. Nd2 O-O 7. Ngf3 h6 8. O-O
Nh7 9. c3 Kh8 10. Qe2 f5 11. exf5 Bxf5 12. Bb3 Qe8 13. Ne4 Qg6 14. Ne1 Bxh3 15.
Be3 Bf5 16. Ng3 Bd7 17. Bd5 Nf6 18. Bb3 Ng4 19. Bc1 Nxf2 20. Rxf2 Qxg3 21. Be3
Bg4 22. Qd2 Bh5 23. Rc1 Rf6 24. Rxf6 Bxf6 25. Bxh6 g5 26. Bd1 Bxd1 27. Qxd1 Qh4
28. Bxg5 Qxg5 29. Rc2 Rf8 30. g4 Qe3+ 31. Kg2 Kg7 32. Re2 Qg5 33. Rf2 Ne7 34.
Qf3 Ng6 35. Kf1 Be7 36. Qxb7 Rxf2+ 37. Kxf2 Qf4+ 38. Ke2 Qxg4+ 39. Kf2 Qh4+ 40.
Kf1 Qh3+ 41. Ke2 Qh2+ 42. Kd1 Qh5+ 43. Nf3 Qh1+ 44. Ke2 Qg2+ 45. Ke3 Bg5+ 0-1

[Event "49. NSV Sen-EM 2015"]
[Site "Undeloh-Wesel"]
[Date "2015.07.23"]
[Round "5.1"]
[White "Dr. Dornieden, Manfred"]
[Black "Dr. Adibekian, Roubik"]
[Result "0-1"]
[WhiteElo "2073"]
[BlackElo "2055"]
[WhiteTeam "SK Union Oldenburg"]
[BlackTeam " Hannover 96"]

1. Nf3 c5 2. c4 Nc6 3. g3 g6 4. Bg2 Bg7 5. O-O d6 6. e3 Nf6 7. d4 cxd4 8. Nxd4
Bd7 9. Nc3 O-O 10. b3 a6 11. Bb2 Rb8 12. Qd2 Nxd4 13. exd4 b5 14. cxb5 axb5 15.
Rfe1 Re8 16. b4 Qb6 17. d5 Ng4 18. Nd1 Bxb2 19. Qxb2 Ne5 20. Ne3 Nd3 21. Qd2
Nxe1 22. Rxe1 Ra8 23. Be4 Qa6 24. Bb1 Qa3 25. f4 Rac8 26. f5 Qc3 27. Qf2 Qxb4
28. Rf1 Rf8 29. f6 exf6 30. Qxf6 Qc5 0-1

[Event "49. NSV Sen-EM 2015"]
[Site "Undeloh-Wesel"]
[Date "2015.07.23"]
[Round "5.2"]
[White "Jentsch, Dieter"]
[Black "Krneta, Slavko"]
[Result "1-0"]
[WhiteElo "2046"]
[BlackElo "1826"]
[PlyCount "47"]
[EventDate "2015.??.??"]
[WhiteTeam "SC Wolfsburg"]
[BlackTeam "FG Wohlde"]

1. e4 e6 2. d4 d5 3. e5 c5 4. c3 Nc6 5. Nf3 Qb6 6. Be2 Nge7 7. dxc5 Qc7 8. O-O
Nxe5 9. Nxe5 Qxe5 10. Bb5+ Bd7 11. Bxd7+ Kxd7 12. Qa4+ Nc6 13. b4 Kc8 14. b5
Nd8 15. Be3 Qc7 16. c4 d4 17. Bxd4 Bxc5 18. Bxc5 Qxc5 19. Nd2 b6 20. Ne4 Qe7
21. c5 Kb8 22. Rac1 bxc5 23. Nxc5 Qc7 24. Na6+ 1-0

[Event "49. NSV Sen-EM 2015"]
[Site "Undeloh-Wesel"]
[Date "2015.07.23"]
[Round "5.3"]
[White "Hilburt, Leonid"]
[Black "Piehl, Reinhard"]
[Result "0-1"]
[WhiteElo "1950"]
[BlackElo "1819"]
[WhiteTeam " Hannover 96"]
[BlackTeam "SC Sottrum"]

1. e4 c5 2. Nc3 g6 3. g3 Bg7 4. Bg2 Nc6 5. f4 d6 6. Nge2 e6 7. O-O Nge7 8. d3
O-O 9. Be3 Rb8 10. a4 a6 11. Rb1 b5 12. e5 f5 13. axb5 axb5 14. d4 cxd4 15.
Nxd4 Nxd4 16. Bxd4 dxe5 17. Ba7 Bb7 18. Bxb8 Bxg2 19. Qxd8 Rxd8 20. Kxg2 Rxb8
21. fxe5 Nc6 22. Ra1 Bxe5 23. Ra6 Nd4 24. Rf2 Bg7 25. Rd2 e5 26. Ne2 Bh6 27.
Nf4 b4 28. Rd3 Nxc2 29. Nd5 Ne1+ 0-1

[Event "49. NSV Sen-EM 2015"]
[Site "Undeloh-Wesel"]
[Date "2015.07.23"]
[Round "5.4"]
[White "Kiselev, Alexander"]
[Black "Cordes, Lothar"]
[Result "1-0"]
[WhiteElo "1984"]
[BlackElo "1773"]
[WhiteTeam " Hannover 96"]
[BlackTeam "SF Lilienthal"]

1. e4 e5 2. Nf3 Nc6 3. Bb5 a6 4. Ba4 Nf6 5. d4 exd4 6. O-O Be7 7. e5 Nd5 8. Bb3
Nb6 9. Re1 O-O 10. Nxd4 Nxd4 11. Qxd4 d6 12. exd6 Bxd6 13. Bf4 Bxf4 14. Qxf4
Nd5 15. Bxd5 Qxd5 16. Qxc7 Bf5 17. Nc3 Qd2 18. Re2 Qd4 19. Rd1 Qg4 20. Qg3 Rad8
21. Rxd8 Rxd8 22. Qxg4 Bxg4 23. f3 Be6 24. a3 Kf8 25. Kf2 Bc4 26. Re4 b5 27.
Ke3 Re8 28. Rxe8+ Kxe8 29. Kd4 Kd7 30. Kc5 Bf1 31. g3 f5 32. Nd5 Bg2 33. Nb4
Bxf3 34. Nxa6 g5 35. Kd4 Kd6 36. Nc5 Bd1 37. c3 Bc2 38. Nd3 Bb3 39. Ne5 Bd5 40.
c4 bxc4 41. Nxc4+ Ke6 42. b4 h5 43. b5 h4 44. Ne3 Bf3 45. gxh4 gxh4 46. a4 f4
47. Nc4 Be2 48. Nd2 f3 49. Ke3 Kd5 50. Nxf3 1-0

[Event "49. NSV Sen-EM 2015"]
[Site "Undeloh-Wesel"]
[Date "2015.07.23"]
[Round "5.5"]
[White "Stummeyer, Dieter"]
[Black "Schneider, Alexander"]
[Result "1/2-1/2"]
[WhiteElo "1742"]
[BlackElo "1981"]
[WhiteTeam "SG Garbsen/Marienwerder"]
[BlackTeam "Wilhelmshavener SC"]

1. e4 Nc6 2. d4 e5 3. Nf3 exd4 4. Nxd4 Bc5 5. Be3 Qf6 6. c3 Nge7 7. Bc4 O-O 8.
O-O a6 9. f4 d6 10. a4 Be6 11. Be2 g6 12. Na3 Qg7 13. Nac2 Bd7 14. f5 f6 15.
Bc4+ Kh8 16. Ne6 Bxe6 17. Bxe6 Bxe3+ 18. Nxe3 Ne5 19. fxg6 hxg6 20. Rf4 Qh6 21.
g3 Kg7 22. Qe2 Rh8 23. Raf1 Raf8 24. Rh4 Qg5 25. Rhf4 Qh6 1/2-1/2

[Event "49. NSV Sen-EM 2015"]
[Site "Undeloh-Wesel"]
[Date "2015.07.23"]
[Round "5.7"]
[White "Weczerek, Dieter"]
[Black "Gerhardt, Peter-Michael"]
[Result "1/2-1/2"]
[WhiteElo "1678"]
[BlackElo "1827"]
[WhiteTeam "SC Wolfsburg"]
[BlackTeam "SC Vahr"]

1. e4 c5 2. Nf3 a6 3. d4 cxd4 4. Nxd4 Nf6 5. Nc3 e5 6. Nf3 Bb4 7. Bd2 O-O 8.
Bd3 d5 9. Nxd5 Bxd2+ 10. Nxd2 Nxd5 11. exd5 Qxd5 12. O-O Nc6 13. Be4 Qe6 14.
Qe1 Bd7 15. c4 Rab8 16. Rc1 Kh8 17. Nb3 b6 18. c5 b5 1/2-1/2

[Event "49. NSV Sen-EM 2015"]
[Site "Undeloh-Wesel"]
[Date "2015.07.23"]
[Round "5.8"]
[White "Pundt, Wilfried"]
[Black "Gudat, Alfons"]
[Result "1-0"]
[WhiteElo "1771"]
[BlackElo "1754"]
[WhiteTeam "SK Bremen-Nord"]
[BlackTeam "SK Union Oldenburg"]

1. e4 d6 2. d4 Nf6 3. Nc3 g6 4. f3 Bg7 5. Be3 O-O 6. Qd2 e5 7. Nge2 Nc6 8. d5
Ne7 9. O-O-O Ne8 10. g4 f5 11. gxf5 gxf5 12. Bh6 Ng6 13. h4 f4 14. Bxg7 Nxg7
15. h5 Nh4 16. Ng1 Nxh5 17. Qh2 Ng3 18. Qxh4 Nxh1 19. Qxh1 Bd7 20. Bh3 Kh8 21.
Rd2 Rg8 22. Rh2 Qe7 23. Nce2 Rg7 24. Bxd7 Qxd7 25. Rg2 Rag8 26. Rxg7 Qxg7 27.
Qh4 Qg5 28. Qxg5 Rxg5 29. Kd2 Kg7 30. Ke1 Kf6 31. Kf2 Rg7 32. c4 c6 33. dxc6
bxc6 34. Nc3 Ke6 35. b3 a5 36. Kf1 Kd7 37. Kf2 Kc7 38. Kf1 h6 39. Kf2 Kb7 40.
Kf1 Kb6 41. Na4+ Ka6 42. Nc3 a4 43. Nxa4 Ka5 44. c5 dxc5 45. Nxc5 Kb4 46. Nd3+
Ka3 47. Nxe5 Kxa2 48. Nxc6 Kxb3 49. Ne2 Kc4 50. Nxf4 Rf7 51. Ne5+ Kd4 52. Nxf7
Ke3 1-0

[Event "49. NSV Sen-EM 2015"]
[Site "Undeloh-Wesel"]
[Date "2015.07.23"]
[Round "5.9"]
[White "Niemann, Gerd"]
[Black "Newerla, Alfred"]
[Result "0-1"]
[WhiteElo "1756"]
[BlackElo "1602"]

1. e4 c5 2. Nc3 Nc6 3. Bb5 d6 4. Bxc6+ bxc6 5. Nge2 Nf6 6. d3 g6 7. Ng3 Bg7 8.
Bf4 e5 9. Bg5 h6 10. Be3 O-O 11. f3 Kh7 12. h4 Qb6 13. Qd2 Rh8 14. h5 g5 15. a4
Qd8 16. Nge2 Be6 17. g4 Nd7 18. Ng3 d5 19. exd5 cxd5 20. Bf2 d4 21. Nce4 Rb8
22. b3 Qe7 23. O-O Nf6 24. Rae1 Nd5 25. Qa5 Rhc8 26. c4 Nb4 27. Nf5 Bxf5 28.
gxf5 Nxd3 29. f6 Bxf6 30. Qa6 Kg7 31. Rd1 Nb4 32. Qxf6+ Qxf6 33. Nxf6 Kxf6 34.
Rfe1 Nc6 35. Rd3 Na5 36. Rb1 Nxc4 37. Be1 Nb6 38. Bg3 Nd5 39. Re1 Nf4 40. Bxf4
gxf4 41. Kf2 Rg8 42. Rg1 Rxg1 43. Kxg1 Kg5 44. Kh2 f5 45. Rd2 Rxb3 46. Rg2+
Kxh5 47. Rg7 d3 48. Rxa7 Rb2+ 49. Kh3 d2 50. Rd7 c4 51. a5 c3 52. a6 Ra2 53. a7
Rxa7 54. Rd3 Ra1 55. Rxc3 d1=Q 56. Rc2 Qh1+ 57. Rh2 Qxf3# 0-1

[Event "49. NSV Sen-EM 2015"]
[Site "Undeloh-Wesel"]
[Date "2015.07.23"]
[Round "5.6"]
[White "Zotin, Vladimir"]
[Black "Grimm, Uwe"]
[Result "0-1"]
[WhiteElo "1719"]
[BlackElo "2026"]

1. e4 Nc6 2. d4 e5 3. Nf3 exd4 4. Bc4 Nf6 5. Nxd4 Qe7 6. O-O Qc5 7. Nxc6 dxc6
8. Qd3 Ng4 9. Bb3 Qe5 10. Qg3 Bd6 11. Qxe5+ Bxe5 12. h3 Nf6 13. c3 Nd7 14. Be3
Bd6 15. Nd2 O-O 16. Rad1 a5 17. f4 Bc5 18. Rfe1 Bxe3+ 19. Rxe3 Nc5 20. Bc2 Re8
21. Kf2 g6 22. g4 Kg7 23. Nf3 a4 24. Nd4 Be6 25. a3 Bc4 26. Nf3 Rad8 27. Rd4
Bb3 28. Bxb3 axb3 29. Rc4 Nd3+ 30. Kg3 Nxb2 31. Rb4 Nd1 32. Re1 Nxc3 33. e5 Rd3
34. Rxb7 Nb5 35. Kf2 Ra8 36. e6 fxe6 37. Ng5 Rxa3 38. Nxe6+ Kh6 39. f5 Ra2+ 40.
Kg1 Rg3+ 41. Kf1 Rf3+ 42. Kg1 gxf5 43. g5+ Kg6 44. h4 b2 45. Rxb5 cxb5 46. Nd4
Ra1 0-1

[Event "49. NSV Sen-EM 2015"]
[Site "Undeloh-Wesel"]
[Date "2015.07.23"]
[Round "5.10"]
[White "Brummer, Bernfried"]
[Black "Schencke, Guenther"]
[Result "1-0"]
[WhiteElo "1723"]
[BlackElo "1591"]
[PlyCount "75"]

1. b3 d5 2. Bb2 Nf6 3. f4 g6 4. Nf3 Bg7 5. e3 O-O 6. Be2 Bg4 7. O-O c5 8. d3
Nc6 9. Nbd2 Qc7 10. h3 Bxf3 11. Rxf3 e5 12. f5 e4 13. Rf2 exd3 14. cxd3 Qe7 15.
Nf1 d4 16. e4 Ne5 17. Bc1 h6 18. g4 g5 19. Ng3 Ned7 20. Rh2 Nh7 21. Nh5 Be5 22.
Rf2 Nhf6 23. Nxf6+ Nxf6 24. Rg2 Nh7 25. Bd2 f6 26. Rc1 Rac8 27. Rc2 Qd6 28. Qc1
Rc7 29. a3 Rfc8 30. Bd1 b5 31. Be2 c4 32. bxc4 bxc4 33. Bb4 Qd7 34. Rxc4 Rxc4
35. dxc4 d3 36. Bd1 Qd4+ 37. Kh1 Rxc4 38. Bb3 1-0

[Event "49. NSV Sen-EM 2015"]
[Site "Undeloh-Wesel"]
[Date "2015.07.23"]
[Round "5.11"]
[White "Buck, Klaus-Michael"]
[Black "Kleinschmidt, Norbert"]
[Result "1/2-1/2"]
[WhiteElo "1582"]
[BlackElo "1694"]

1. Nf3 b6 2. b3 Bb7 3. Bb2 d6 4. e3 Nd7 5. d4 Ngf6 6. Nbd2 g6 7. c4 Bg7 8. Bd3
O-O 9. O-O e6 10. e4 c5 11. d5 e5 12. Ne1 Nh5 13. g3 Qe7 14. Be2 Nhf6 15. Ng2
h6 16. Bc1 Nh7 17. Bd3 Rfb8 18. Rb1 Bc8 19. Nf3 Ng5 20. Nxg5 hxg5 21. Be3 Nf8
22. Qd2 f6 23. h4 gxh4 24. Nxh4 Bh3 25. Rfe1 Kf7 26. Bf1 Bxf1 27. Kxf1 b5 28.
cxb5 Rxb5 29. Bh6 Qd7 30. Kg2 Rb4 31. Bxg7 Kxg7 32. Rh1 Kg8 33. Rbe1 a5 34. Qh6
Qg7 35. Qxg7+ Kxg7 36. Nf3 a4 37. Nd2 axb3 38. axb3 Rd4 39. Nc4 1/2-1/2

[Event "49. NSV Sen-EM 2015"]
[Site "Undeloh-Wesel"]
[Date "2015.07.23"]
[Round "5.12"]
[White "Fehsenfeld, Kurt"]
[Black "Merettig, Georg"]
[Result "0-1"]
[WhiteElo "1545"]
[BlackElo "1707"]
[PlyCount "64"]

1. d4 Nc6 2. Nf3 e6 3. e3 f5 4. c4 Bb4+ 5. Bd2 a5 6. a3 Be7 7. Nc3 Nf6 8. Qc2
O-O 9. Bd3 Qe8 10. Qb3 d6 11. Qc2 b6 12. Nb5 Bd8 13. O-O-O d5 14. Kb1 Ne4 15.
Be1 Ba6 16. cxd5 exd5 17. Rf1 Bb7 18. h4 Qd7 19. Nc3 Na7 20. Ne5 Qe6 21. f3 Nd6
22. Bf2 c5 23. f4 c4 24. Be2 b5 25. g4 b4 26. axb4 axb4 27. gxf5 Qe8 28. Rg1
bxc3 29. Qxc3 Ne4 30. Qe1 Nc6 31. Ng4 Ba5 32. Qf1 Nd2+ 0-1

[Event "49. NSV Sen-EM 2015"]
[Site "Undeloh-Wesel"]
[Date "2015.07.23"]
[Round "5.13"]
[White "Drechsel, Dieter"]
[Black "Gutknecht, Christa"]
[Result "1/2-1/2"]
[WhiteElo "1488"]
[BlackElo "1631"]
[PlyCount "40"]

1. d4 d6 2. Nf3 Nf6 3. c4 Nbd7 4. Nc3 e5 5. dxe5 dxe5 6. Qc2 c6 7. Bg5 Be7 8.
e3 O-O 9. Bd3 Qc7 10. O-O Re8 11. Bf5 g6 12. Bh3 a5 13. Rfd1 Nc5 14. Bxc8 Raxc8
15. e4 Kg7 16. h3 Rcd8 17. Qe2 h6 18. Bh4 Ne6 19. Bg3 Nf4 20. Bxf4 exf4 1/2-1/2

[Event "49. NSV Sen-EM 2015"]
[Site "Undeloh-Wesel"]
[Date "2015.07.23"]
[Round "5.14"]
[White "Wraga, Hermann"]
[Black "Wraga, Teresa"]
[Result "1/2-1/2"]
[WhiteElo "1409"]
[BlackElo "1477"]
[PlyCount "23"]

1. e4 d6 2. d3 g6 3. Nd2 Bg7 4. g3 c5 5. Bg2 Nc6 6. h3 e6 7. Ngf3 Nge7 8. O-O
O-O 9. Re1 Qc7 10. c3 Rb8 11. Qc2 b5 12. Nf1 1/2-1/2

[Event "49. NSV Sen-EM 2015"]
[Site "Undeloh-Wesel"]
[Date "2015.07.24"]
[Round "6.1"]
[White "Dr. Adibekian, Roubik"]
[Black "Piehl, Reinhard"]
[Result "0-1"]
[WhiteElo "2043"]
[BlackElo "1819"]
[PlyCount "62"]

1. d4 d5 2. Nf3 Nf6 3. c4 c6 4. g3 e6 5. Bg2 Bd6 6. Qc2 dxc4 7. Qxc4 Nbd7 8.
O-O O-O 9. Nc3 e5 10. Rd1 Qe7 11. a4 Nb6 12. Qb3 e4 13. Ng5 Bf5 14. h4 h6 15.
Nh3 Nbd5 16. Nxd5 Nxd5 17. e3 g5 18. hxg5 hxg5 19. Rf1 Bg4 20. Kh2 Kg7 21. f3
Bxh3 22. Bxh3 Rh8 23. Kg2 exf3+ 24. Rxf3 Rxh3 25. Kxh3 Qe4 26. Qxb7 Rh8+ 27.
Kg2 Nf6 28. Bd2 g4 29. Raf1 gxf3+ 30. Rxf3 Rh2+ 31. Kxh2 Qxf3 0-1

[Event "49. NSV Sen-EM 2015"]
[Site "Undeloh-Wesel"]
[Date "2015.07.24"]
[Round "6.2"]
[White "Kiselev, Alexander"]
[Black "Jentsch, Dieter"]
[Result "1-0"]
[WhiteElo "1984"]
[BlackElo "2046"]
[PlyCount "57"]
[EventDate "2015.??.??"]
[WhiteTeam " Hannover 96"]
[BlackTeam "SC Wolfsburg"]

1. e4 e6 2. d4 d5 3. e5 c5 4. c3 Nc6 5. Nf3 Qb6 6. Bd3 cxd4 7. cxd4 Bd7 8. O-O
Nxd4 9. Nxd4 Qxd4 10. Nc3 a6 11. Re1 Qb6 12. Na4 Qa5 13. b3 Bb4 14. Re3 Bxa4
15. bxa4 Ne7 16. Rb1 Ng6 17. Rxb4 Qxb4 18. Ba3 Qd4 19. Bb5+ axb5 20. Qxd4 Rxa4
21. Qc5 Rc4 22. Qxb5+ Kd8 23. Qxb7 Rc7 24. Qb6 Kc8 25. h4 d4 26. Qa6+ Kd8 27.
Rd3 Rd7 28. Qa8+ Kc7 29. Bd6+ 1-0